Синтаксические сюжеты. Спорные и нерешённые вопросы русского синтаксиса
| Autor principal: | |
|---|---|
| Otros Autores: | , |
| Sumario: | Книга не входит в премиум-версию платформы «Русский как иностранный». В книге рассмотрен ряд спорных и не решённых до настоящего времени в научной литературе синтаксических проблем, касающихся синтаксических единиц, синтаксических связей, природы некоторых синтаксических построений и др. Освещаются различные подходы к их решению, синтаксические концепции, приводятся соответствующие фрагменты научных работ. Кроме того, предлагаются практические задания и вопросы для контроля усвоения материала, а также тесты, позволяющие проверить, как понята прочитанная научная литература. Книга может быть интересна и полезна широкому кругу филологов: вузовским преподавателям, студентам и аспирантам, учителям-словесникам, а также всем, кто интересуется устройством грамматической системы русского языка Гарантированный срок размещения на платформе до 31.12.2027 (автопролонгация) |
| Publicado: |
Москва, «Русский язык». Курсы, 2016
|
| Edición: | Синтаксические сюжеты. Спорные и нерешённые вопросы русского синтаксиса |
| Materias: | |
| Acceso en línea: | Перейти к просмотру издания |
| Formato: | Electrónico |
MARC
| LEADER | 00000 a2200000 4500 | ||
|---|---|---|---|
| 001 | RU/ROS-EDU.RU/79348 | ||
| 856 | 4 | |u https://www.ros-edu.ru/book?id=79348 |z Перейти к просмотру издания | |
| 010 | |a 978-5-88337-380-9 | ||
| 205 | |a Синтаксические сюжеты. Спорные и нерешённые вопросы русского синтаксиса |b 2027-12-31 | ||
| 333 | |a Гарантированный срок размещения на платформе до 31.12.2027 (автопролонгация) | ||
| 100 | |a 20160101d2016 |||y0rusy0250 |s 2027-12-31 | ||
| 105 | |a y z 000zy | ||
| 101 | 0 | |a rus | |
| 102 | |a RU | ||
| 200 | 1 | |a Синтаксические сюжеты. Спорные и нерешённые вопросы русского синтаксиса |b Электронный ресурс |f Л. Н. Анипкина, Н. А. Бубнова, О. А. Крылова | |
| 700 | 1 | |b Л. Н. |a Анипкина |4 070 | |
| 701 | 1 | |b Н. А. |a Бубнова |4 070 | |
| 701 | 1 | |b О. А. |a Крылова |4 070 | |
| 330 | |a В книге рассмотрен ряд спорных и не решённых до настоящего времени в научной литературе синтаксических проблем, касающихся синтаксических единиц, синтаксических связей, природы некоторых синтаксических построений и др. Освещаются различные подходы к их решению, синтаксические концепции, приводятся соответствующие фрагменты научных работ. Кроме того, предлагаются практические задания и вопросы для контроля усвоения материала, а также тесты, позволяющие проверить, как понята прочитанная научная литература. Книга может быть интересна и полезна широкому кругу филологов: вузовским преподавателям, студентам и аспирантам, учителям-словесникам, а также всем, кто интересуется устройством грамматической системы русского языка | ||
| 210 | |a Москва |c «Русский язык». Курсы |d 2016 | ||
| 610 | 1 | |a концепция | |
| 610 | 1 | |a синтаксис | |
| 610 | 1 | |a грамматика | |
| 675 | |a 881 | ||
| 686 | |a 81.2 |2 rubbk | ||
| 300 | |a Книга не входит в премиум-версию платформы «Русский как иностранный». | ||
| 215 | |a 240 с. | ||